[Event "Oslo op-B"]
[Site "Oslo"]
[Date "2014.09.28"]
[Round "6"]
[White "Bjornsen, Magnus"]
[Black "Kalkman de Koster, Franzke"]
[Result "0-1"]
[WhiteElo "925"]
[BlackElo "1589"]
[PlyCount "62"]
[EventDate "2014.09.28"]
[EventType "swiss"]
[EventRounds "9"]
[EventCountry "NOR"]
[SourceTitle "EXT 2017"]
[Source "ChessBase"]
[SourceDate "2016.10.25"]
[SourceVersion "1"]
[SourceVersionDate "2016.10.25"]
[SourceQuality "1"]

1. e4 e5 2. Nf3 d6 3. d4 exd4 4. Nxd4 Nf6 5. Nc3 Be7 6. Be3 a6 7. Bd3 Bd7 8. f3 c5 9. Nf5 Bxf5 10. exf5 b5 11. Be4 Ra7 12. Nd5 Nxe4 13. fxe4 Bh4+ 14. g3 Bf6 15. Bg5 Bxg5 16. h4 Bf6 17. Nxf6+ Qxf6 18. c3 Nc6 19. Qf3 Ne5 20. Qe2 c4 21. 0-0-0 Nd3+ 22. Kb1 0-0 23. g4 b4 24. g5 Qe5 25. Kc2 bxc3 26. bxc3 Rb7 27. Rb1 Rxb1 28. Rxb1 Qg3 29. Rh1 Rb8 30. Rb1 Rxb1 31. Kxb1 Qg1+ 0-1

[Event "Oslo Vederhus Memorial op B"]
[Site "Oslo"]
[Date "2013.09.29"]
[Round "3"]
[White "Holleland, Sigve"]
[Black "Kalkman de Koster, Franzke"]
[Result "1-0"]
[WhiteElo "1741"]
[BlackElo "1589"]
[PlyCount "59"]
[EventDate "2013.09.29"]
[EventType "swiss"]
[EventRounds "9"]
[EventCountry "NOR"]
[SourceTitle "EXT 2024"]
[Source "ChessBase"]
[SourceDate "2023.10.10"]
[SourceVersion "1"]
[SourceVersionDate "2023.10.10"]
[SourceQuality "1"]

1. c4 Nf6 2. Nc3 e6 3. g3 c6 4. Bg2 Be7 5. Nf3 d6 6. 0-0 0-0 7. d4 b6 8. e4 Qc7 9. Bf4 Nbd7 10. e5 Ne8 11. Qc2 d5 12. cxd5 cxd5 13. Rac1 Qd8 14. a3 Bb7 15. b4 a6 16. h4 b5 17. Bh3 f5 18. exf6 Rxf6 19. Ng5 g6 20. Nxe6 Qb6 21. Nc5 Nxc5 22. bxc5 Qd8 23. Be5 Rc6 24. Bg2 Nf6 25. Qb3 Rcc8 26. Bxf6 Bxf6 27. Nxd5 Kg7 28. Nb6 Bxg2 29. Kxg2 Qxd4 30. Qf3 1-0

[Event "Budapest FS08 FM-B"]
[Site "Budapest"]
[Date "2013.08.04"]
[Round "2"]
[White "Steer, Jozsef"]
[Black "Kalkman de Koster, Franzke"]
[Result "1-0"]
[WhiteElo "1918"]
[BlackElo "1612"]
[PlyCount "63"]
[EventDate "2013.08.03"]
[EventType "tourn"]
[EventRounds "11"]
[EventCountry "HUN"]
[SourceTitle "CBM 155 Extra"]
[Source "ChessBase"]
[SourceDate "2013.08.26"]
[SourceVersion "1"]
[SourceVersionDate "2013.08.26"]
[SourceQuality "1"]

1. e4 e5 2. Bc4 Nf6 3. Nf3 Bd6 4. d4 Qe7 5. 0-0 0-0 6. Bg5 c5 7. dxc5 Bxc5 8. Nc3 d6 9. Nd5 Qd8 10. Nxf6+ gxf6 11. Bh6 Re8 12. Qd3 Be6 13. Nxe5 Kh8 14. Nxf7+ Bxf7 15. Bxf7 Re7 16. Bb3 Nc6 17. c3 Ne5 18. Qh3 Qd7 19. Qh4 Ng4 20. h3 Nxh6 21. Qxf6+ Rg7 22. Qxh6 Re8 23. Qf6 Qxh3 24. Qxg7+ Kxg7 25. gxh3 Rxe4 26. Rae1 Re5 27. Rxe5 dxe5 28. Rd1 Kf6 29. Rd7 h5 30. Rxb7 Kf5 31. Kg2 Ke4 32. Rh7 1-0

[Event "Oslo op ELO"]
[Site "Oslo"]
[Date "2011.10.02"]
[Round "2"]
[White "Roholdt, Njaal"]
[Black "Kalkman de Koster, Franzke"]
[Result "0-1"]
[WhiteElo "1827"]
[BlackElo "1626"]
[PlyCount "50"]
[EventDate "2011.10.02"]
[EventType "swiss"]
[EventRounds "9"]
[EventCountry "NOR"]
[SourceTitle "EXT 2023"]
[Source "ChessBase"]
[SourceDate "2022.10.05"]
[SourceVersion "1"]
[SourceVersionDate "2022.10.05"]
[SourceQuality "1"]

1. e4 c5 2. Nf3 Nc6 3. Bb5 Qc7 4. 0-0 e5 5. c3 Nf6 6. d4 cxd4 7. cxd4 Nxd4 8. Nxd4 exd4 9. Qxd4 Bc5 10. Qd3 Ng4 11. g3 Nxf2 12. Rxf2 Bxf2+ 13. Kxf2 Qxc1 14. Qa3 Qc2+ 15. Kf3 Qxh2 16. Nc3 Qh5+ 17. Kg2 Qe5 18. Rd1 Qe7 19. Rd6 0-0 20. Kh3 Re8 21. Nd5 Qxe4 22. Nc7 Re5 23. Kh2 Rh5+ 24. Kg1 Rh1+ 25. Kf2 Rh2+ 0-1

[Event "Gausdal Elo op"]
[Site "Gausdal"]
[Date "2006.04.27"]
[Round "5"]
[White "Kalkman de Koster, Franzke"]
[Black "Jacobsen, Maria Pitz"]
[Result "0-1"]
[WhiteElo "1280"]
[BlackElo "1846"]
[PlyCount "66"]
[EventDate "2006.04.23"]
[EventType "swiss"]
[EventRounds "9"]
[EventCountry "NOR"]
[SourceTitle "EXT 2007"]
[Source "ChessBase"]
[SourceDate "2006.11.23"]
[SourceVersion "1"]
[SourceVersionDate "2006.11.23"]
[SourceQuality "1"]

1. d4 Nf6 2. c4 e6 3. Nc3 Bb4 4. Qc2 d5 5. Bg5 Nbd7 6. Nf3 Be7 7. e4 dxe4 8. Nxe4 Nxe4 9. Bxe7 Qxe7 10. Qxe4 Nf6 11. Qc2 b6 12. Bd3 Qb4+ 13. Qd2 Qxd2+ 14. Nxd2 Bb7 15. 0-0 Rd8 16. Nb3 c5 17. Rfe1 cxd4 18. c5 0-0 19. Rac1 bxc5 20. Nxc5 Ba8 21. Ba6 Rd6 22. f3 Nd5 23. Bb7 Bxb7 24. Ne4 Rb6 25. Re2 Nf4 26. Rd2 Bxe4 27. fxe4 d3 28. Rc7 Rd8 29. Rxa7 Rc6 30. Kf2 Rc2 31. Rxc2 dxc2 32. Rc7 c1Q 33. Rxc1 Nd3+ 0-1

[Event "Gausdal Elo op"]
[Site "Gausdal"]
[Date "2006.04.23"]
[Round "1"]
[White "Kalkman de Koster, Franzke"]
[Black "Tjoelsen, Katrine"]
[Result "0-1"]
[WhiteElo "1280"]
[BlackElo "1940"]
[PlyCount "56"]
[EventDate "2006.04.23"]
[EventType "swiss"]
[EventRounds "9"]
[EventCountry "NOR"]
[SourceTitle "EXT 2007"]
[Source "ChessBase"]
[SourceDate "2006.11.23"]
[SourceVersion "1"]
[SourceVersionDate "2006.11.23"]
[SourceQuality "1"]

1. d4 d5 2. c4 c6 3. Nf3 Nf6 4. Nc3 e6 5. Qc2 Nbd7 6. a3 Bd6 7. e4 dxe4 8. Nxe4 Nxe4 9. Qxe4 Qe7 10. Qc2 e5 11. Be2 e4 12. Ng5 f5 13. Nh3 0-0 14. c5 Bc7 15. Bf4 Nf6 16. Bg5 Be6 17. Bc4 h6 18. Bxe6+ Qxe6 19. Bf4 Qd7 20. Rd1 Nd5 21. Bxc7 Qxc7 22. 0-0 Kh8 23. f4 Ne3 24. Qe2 Nxf1 25. Rxf1 Rad8 26. Qf2 Rd5 27. Qh4 Qd8 28. Ng5 Kg8 0-1